Statistics for Biggest Countries by Population and Scrabble Score

Click here to take the quiz!

General Stats

  • This quiz has been taken 23 times
  • The average score is 20 of 30

Answer Stats

ScoreCountry% Correct
26.5Mexico
95%
38.5United States
95%
24Brazil
90%
33.5Japan
86%
45Germany
81%
22.5United Kingdom
81%
28.5South Africa
76%
34.5South Korea
76%
35.5Venezuela
76%
9.5Democratic Republic of the Congo
71%
44Ethiopia
71%
36Kazakhstan
71%
46.5Turkey
71%
42.5Colombia
67%
49.5Dominican Republic
67%
27.5Mozambique
67%
47North Korea
67%
48.5Saudi Arabia
67%
29.5Uzbekistan
67%
50.5Zambia
67%
44Zimbabwe
67%
25Bangladesh
62%
31Pakistan
62%
21.5Philippines
62%
34Tanzania
62%
40Afghanistan
48%
41Myanmar
33%
45.5Burkina Faso
24%
45Czech Republic
19%
44.5Ivory Coast
19%

Score Distribution

Percentile by Number Answered

Percent of People with Each Score

Your Score History

You have not taken this quiz